000 01605nam a2200229Ia 4500
008 260220t9999||||xx |||||||||||||| ||spa||
040 _aPY-SlUNAC
_bspa
_erda
041 _aspa
082 _a378.17
_bUn3e
245 0 _aEntre maestros y maestras
264 _aEntre Ríos :
_bUNER,
_c[Fecha de publicación no identificada].
300 _a1 volumen
520 _a"Entre maestros y maestras" es una obra que explora la dinámica y los desafíos de la profesión docente en la provincia de Entre Ríos, Argentina. A través de una serie de estudios de caso, entrevistas y testimonios, el libro analiza las experiencias cotidianas de los educadores, resaltando la importancia de su papel en la formación integral de los estudiantes. Los autores abordan temas como la identidad profesional, las relaciones interpersonales en el aula, y las políticas educativas que impactan el ejercicio de la enseñanza. Además, se discuten las tensiones entre la teoría educativa y la práctica real, así como las estrategias que los docentes desarrollan para adaptarse a un contexto en constante cambio. La obra no solo brinda una mirada crítica sobre el sistema educativo, sino que también promueve una reflexión profunda sobre el valor de la educación en la sociedad contemporánea, destacando el compromiso y la vocación de quienes eligen esta noble profesión.
653 _aEducación
653 _aGénero
653 _aMaestros
942 _b2026/02/17
_cBK
999 _c7250
_d7250